<?xml version="1.0" encoding="UTF-8"?><?xml-stylesheet type="text/xsl" href="static/style.xsl"?><OAI-PMH xmlns="http://www.openarchives.org/OAI/2.0/" xmlns:xsi="http://www.w3.org/2001/XMLSchema-instance" xsi:schemaLocation="http://www.openarchives.org/OAI/2.0/ http://www.openarchives.org/OAI/2.0/OAI-PMH.xsd"><responseDate>2026-04-19T09:43:05Z</responseDate><request verb="GetRecord" identifier="oai:www.recercat.cat:20.500.12694/7249" metadataPrefix="marc">https://recercat.cat/oai/request</request><GetRecord><record><header><identifier>oai:recercat.cat:20.500.12694/7249</identifier><datestamp>2025-12-18T12:09:01Z</datestamp><setSpec>com_2072_179042</setSpec><setSpec>col_2072_484474</setSpec></header><metadata><record xmlns="http://www.loc.gov/MARC21/slim" xmlns:dcterms="http://purl.org/dc/terms/" xmlns:xsi="http://www.w3.org/2001/XMLSchema-instance" xmlns:doc="http://www.lyncode.com/xoai" xsi:schemaLocation="http://www.loc.gov/MARC21/slim http://www.loc.gov/standards/marcxml/schema/MARC21slim.xsd">
   <leader>00925njm 22002777a 4500</leader>
   <datafield ind2=" " ind1=" " tag="042">
      <subfield code="a">dc</subfield>
   </datafield>
   <datafield ind2=" " ind1=" " tag="720">
      <subfield code="a">Sales Garcia, Gabriel</subfield>
      <subfield code="e">author</subfield>
   </datafield>
   <datafield ind2=" " ind1=" " tag="260">
      <subfield code="c">2017-06</subfield>
   </datafield>
   <datafield ind2=" " ind1=" " tag="520">
      <subfield code="a">En aquest treball es tractarà d’assentar unes bases i donar recursos per a poder arribar a fer servir el vibrato al fagot com a recurs expressiu i estilístic. Per a això, es presentarà primer una anàlisi des d’un punt de vista tècnic i històric d’aquest recurs, i, posteriorment, es contrastarà amb les opinions i coneixements dels intèrprets actuals, així com amb la pràctica real d’aquests.&#xd;
Caldrà també proposar unes dinàmiques de treball per arribar a assolir la destresa necessària per a dominar aquest recurs.</subfield>
   </datafield>
   <datafield ind2=" " ind1=" " tag="520">
      <subfield code="a">En este trabajo se tratará de sentar unas bases y dar recursos para poder llegar a utilizar el vibrato en el fagot como recurso expresivo y estilístico. Para ello, se presentará primero un análisis desde el punto de vista técnico y histórico de este recurso, y, posteriormente, se contrastará con las opiniones y conocimientos de los intérpretes actuales, así como con la práctica real de estos. Será también necesario proponer unas dinámicas de trabajo para llegar a conseguir la destreza necesaria para dominar este recurso.</subfield>
   </datafield>
   <datafield ind2=" " ind1=" " tag="520">
      <subfield code="a">The purpose of this paper is to settle the bases and give resources in order to use bassoon vibrato as an expressive and stylistic resource. For that purpose, a review is first presented from the technical and historical points of view, and then it will be contrasted with the opinions and knowledge of current bassoon players, as well as their real bassoon practice. Also, it will be necessary to propose practical dynamics that help the player acquire the skills needed to master this resource.</subfield>
   </datafield>
   <datafield ind1="8" ind2=" " tag="024">
      <subfield code="a">http://hdl.handle.net/20.500.12694/7249</subfield>
   </datafield>
   <datafield tag="653" ind2=" " ind1=" ">
      <subfield code="a">TFG Música clàssica i contemporània</subfield>
   </datafield>
   <datafield tag="653" ind2=" " ind1=" ">
      <subfield code="a">Fagot--Mètodes</subfield>
   </datafield>
   <datafield tag="653" ind2=" " ind1=" ">
      <subfield code="a">Fagot--Història</subfield>
   </datafield>
   <datafield tag="653" ind2=" " ind1=" ">
      <subfield code="a">Fagot--Ensenyament</subfield>
   </datafield>
   <datafield ind2="0" ind1="0" tag="245">
      <subfield code="a">El vibrato al fagot com a recurs expressiu i estilístic</subfield>
   </datafield>
</record></metadata></record></GetRecord></OAI-PMH>